000 01039nam a2200277 i 4500
001 190777
003 ES-MaACL
005 20240423140854.0
008 220704s2009 sp 001 0aspa
020 _a978-84-254-1543-2
080 _a929 Goricheva, Tat'iana Mijaïlovna
080 _a281.93(47+57)"19"
100 1 _aGoricheva, Tat'iana Mijaïlovna.
_9174778
245 1 0 _aHablar de Dios resulta peligroso :
_bmis experiencias en Rusia y en Occidente /
_cTatiana Góricheva ; [traducción, Claudio Gancho].
250 _a3ª ed., 2ª imp.
260 _aBarcelona :
_bHerder,
_c2009.
300 _a142 p. ;
_c20 cm.
600 1 4 _aGoricheva, Tat'iana Mijaïlovna.
_9174778
651 4 _aURSS-
_zHistoria eclesiástica.
_9168961
700 1 _aGancho, Claudio
_953818
852 4 _aES-MaACL
_9197959
_bR.153353
_jA-11049
_cDEPO1
_dOlim: N-7997
_xDonación: José Lázaro Garcia
903 _9234219
_aLázaro García, José
_ednr
942 _2udc
_cMONOGRAFIA
999 _c190777
_d190777